|
|
|
|
| LEADER |
00000nab a2200000 a 4500 |
| 001 |
vtls000017165 |
| 003 |
SK-MaSNL |
| 005 |
20260305042416.0 |
| 008 |
250422c1978 xo 0 slo |
| 015 |
|
|
|a SNBRB19rr/mm-uuuuu
|
| 035 |
|
|
|a CL0027259
|
| 035 |
|
|
|a urn:nbn:sk:snk-aba5ps
|
| 035 |
|
|
|a (urnnbn)urn:nbn:sk:snk:ar-a09hcu
|
| 035 |
|
|
|a (uuid)698d46a5-4302-4930-b688-863dcbddbb6b
|
| 040 |
|
|
|a SNKBUCL
|b slo
|c SNKBUCL
|e AACR2
|
| 041 |
0 |
|
|a slo
|
| 044 |
|
|
|a xo
|c SK
|
| 080 |
|
|
|a 331
|2 1981
|
| 080 |
|
|
|a 69
|2 1981
|
| 080 |
|
|
|a 331.5
|2 1981
|
| 100 |
1 |
|
|a Mizeráková, Anna
|4 aut
|9 938941
|
| 245 |
1 |
0 |
|a O prostriedkoch a sprievodných javoch včleňovania mladých stavebných robotníkov do zamestnania
|c Anna Mizeráková
|
| 650 |
0 |
7 |
|a stavebníctvo
|2 snkbucl
|9 726
|
| 650 |
0 |
7 |
|a robotníci stavební
|2 snkbucl
|9 939867
|
| 655 |
|
7 |
|a články z novín a časopisov
|2 snkbucl
|9 267496
|
| 773 |
0 |
|
|t Syntéza
|g Roč. 11, č. 6 (1978), s. 209-215
|
| 850 |
|
|
|a Slovenská národná knižnica
|
| 852 |
|
|
|a Slovenská národná knižnica
|
| 954 |
|
|
|a odborná, vedecká literatúra pôvodná (slovenská)
|2 lita
|
| 958 |
|
|
|a article13
|
| 958 |
|
|
|a OND
|
| 958 |
|
|
|a RK
|
| 958 |
|
|
|a EUIPO
|
| 992 |
|
|
|a RBX
|
| 999 |
|
|
|c 3348949
|d 3350879
|